00834cam a2200229 a 4500001001000000003000400010005001700014008004100031040002500072100004000097245005400137260006100191300003300252500003400285500005600319500003800375504004200413505007500455651002200530651002800552651002400580000001393OSt20200929145550.0800723s1979 ja ab b 001 0 eng  aDO-SdBNPbspacBNPHU1 aSansom, George Bailey,cSir,d1883-10aA history of Japan :b1334-1615 /cGeorge Sansom. aTokyo :bCharles E. Tuttle Company,c1979.greimpr. 1979 a2 v. :bil., maps. ;c26 cm. aTercera reimpresión de 1979 aIncluye glosario, apéndice y notas biográficas. aLa biblioteca posee el volumen 2. aIncluye referencias bibliográficas.0 gv.1tA history of Japan, 1615-1867--gv.2tA history of Japan to 1334. 4aJapónxHistoria 4aJapónxCivilización 4aJapónxReligión